Jeremy Zucker Songs - Love Is Not Dying - Statistics

General Stats
  • This quiz has been taken 7 times
  • The average score is 9 of 13
Answer Stats
Song Name % Correct
always, i'll care
83%
julia
83%
lakehouse
83%
not ur friend
83%
somebody loves you
83%
we're fucked its fine
83%
brooks
67%
full stop
67%
oh, mexico
67%
orchid
67%
still
67%
good for her
50%
hell or flying
50%
No matching quizzes found
Score Distribution
Percent of People with Each Score
Percentile by Number Answered
Your Score History
You have not taken this quiz